000 00198nam a22000857a 4500
001 1235755
005 20250930162357.0
245 _aDELİDOLU ARKADAŞIM
_cDANIEL PENNAC
260 _bGÜNIŞIĞI YAYINLARI
999 _c1235755
_d1235755